000 00595nam a2200229Ia 4500
003 OSt
005 20221005120837.0
006 a|||||r|||| 00| 0
007 ta
008 221004b |||||||| |||| 00| 0 urd d
024 _a15365
037 _cTextual
040 _aCRL
_cCRL
_burd
041 _2urd
_aurd
082 _aO168,1M95:g, N6
100 _aFarooqi Suhail Ahmad
_9629721
245 0 _aFiraq
_b Dayar-e-Shab ka Musafir
260 _c1996
650 _aURDU LITERATURE
942 _hO168,1M95:g, N6
_cTEXL
_2cc
999 _c1039299
_d1039299